[Event "CZE-tht Extraliga 2018-19"]
[Site "Czech Republic"]
[Date "2018.12.01"]
[Round "3"]
[White "Kraus, Tomas"]
[Black "Rojicek, Vojtech"]
[Result "1-0"]
[WhiteElo "2447"]
[BlackElo "2389"]
[Annotator "NA RC"]
[PlyCount "63"]
[EventDate "2018.11.03"]
[EventType "team-tourn"]
[EventCountry "CZE"]
[SourceTitle "playchess.com"]
[Source "ChessBase"]
[SourceQuality "1"]
[WhiteTeam "Turnov"]
[BlackTeam "Beskydska"]
[TimeControl "40/5400+30:1800+30"]

1. e4 {[%emt 0:00:00]} c5 {[%emt 0:00:17]} 2. Nf3 {[%emt 0:00:27]} d6 {[%emt 0:00:12]} 3. Nc3 {[%emt 0:01:13]} Nf6 {[%emt 0:01:12]} 4. e5 {[%emt 0:00:05]} dxe5 {[%emt 0:01:37]} 5. Nxe5 {[%emt 0:00:29]} e6 {[%emt 0:02:13]} 6. Bb5+ {[%emt 0:03:34]} Bd7 {[%emt 0:12:31] B50: Sicilian: 2...d6, Miscellaneous} (6... Nbd7 7. d4 a6 8. Bxd7+ Nxd7 9. Qh5 Nxe5 10. dxe5 Bd7 11. Bg5 Qc7 12. O-O-O Bc6 13. f4 Be7 14. Bxe7 Qxe7 {½-½ (29) Bernadskiy,V (2583)-Vovk,A (2634) Zhitomir 2017}) 7. Qf3 {[%emt 0:14:44]} Qc7 {[%emt 0:01:48]} 8. Bxd7+ {[%emt 0:19:02]} Nbxd7 {[%emt 0:00:22]} 9. Nc4 {[%emt 0:00:06]} a6 $146 {[%emt 0:06:37]} ({Predecessor:} 9... Nb6 10. Nb5 Qd7 11. Nxb6 axb6 12. a4 Be7 13. b3 Nd5 14. Bb2 Bf6 15. Bxf6 Nxf6 16. O-O O-O 17. d3 Rfd8 18. Rfe1 Qc6 {½-½ (18) Blauhut,H (2352)-Nenciulescu,S (2222) ICCF email 2002}) 10. d3 {[%emt 0:01:11]} Be7 {[%emt 0:12:37]} 11. Bf4 {[%emt 0:10:12]} e5 {[%emt 0:01:42]} 12. Bg5 {[%emt 0:02:40]} O-O {[%emt 0:01:47]} 13. a4 {[%emt 0:02:01]} Rfe8 {[%emt 0:00:54]} 14. O-O {[%emt 0:03:26]} Bf8 {[%emt 0:00:11]} 15. a5 {[%emt 0:01:21]} Re6 {[%emt 0:01:54]} 16. Rfe1 {[%emt 0:01:48]} Rae8 {[%emt 0:01:09]} 17. Re2 {[%emt 0:01:55]} g6 {[%emt 0:02:32]} 18. Ra3 {[%emt 0:04:26]} Bg7 {[%emt 0:03:18]} 19. Rb3 {[%emt 0:01:33]} Rb8 {[%emt 0:02:51]} 20. h3 {[%emt 0:00:41]} Qc8 {[%emt 0:07:51]} 21. Bh4 {[%emt 0:03:27]} Ne8 {[%emt 0:02:50]} 22. Nd5 $16 {[%emt 0:04:16]} f6 {[%emt 0:00:27]} 23. Bg3 {[%emt 0:02:45]} Qc6 {[%emt 0:09:28]} 24. h4 {[%emt 0:00:31]} h5 {[%emt 0:04:52]} 25. Re1 {[%emt 0:02:08]} Kh7 {[%emt 0:00:32]} 26. Bh2 {[%emt 0:02:16]} Bh6 {[%emt 0:02:35]} 27. Ndb6 {[%emt 0:07:24]} Qxf3 {[%emt 0:00:52]} 28. gxf3 {[%emt 0:00:02]} Nxb6 {[%emt 0:06:48]} 29. Nxb6 {[%emt 0:00:12]} Bd2 {[%emt 0:00:21]} 30. Re2 {[%emt 0:00:39]} Bxa5 {[%emt 0:03:41]} 31. Nd7 {[%emt 0:00:18]} Rc8 {[%emt 0:01:09]} 32. Nf8+ {[%emt 0:00:51]} 1-0

[Event "CZE-tht Extraliga 2018-19"]
[Site "Czech Republic"]
[Date "2018.12.01"]
[Round "3"]
[White "Svoboda, Svatopluk"]
[Black "Oral, Tomas"]
[Result "1/2-1/2"]
[WhiteElo "2438"]
[BlackElo "2509"]
[Annotator "TA"]
[PlyCount "44"]
[EventDate "2018.11.03"]
[EventType "team-tourn"]
[EventCountry "CZE"]
[SourceTitle "playchess.com"]
[Source "ChessBase"]
[SourceQuality "1"]
[WhiteTeam "Siesta"]
[BlackTeam "Lysa nad Labem"]

{[%evp 23,44,40,49,42,54,57,64,0,12,3,0,0,0,0,0,-8,0,-72,-61,-68,-64,-83,-31]} 1. e4 c5 2. Nf3 e6 3. d4 cxd4 4. Nxd4 Nc6 5. Nc3 Qc7 6. Be3 a6 7. Qd2 Nf6 8. O-O-O Be7 {B48: Sicilian: Taimanov: 5 Nc3 Qc7 6 Be3 a6 without Be2} 9. f3 b5 10. Nxc6 dxc6 11. g4 {[%cal Bg2g4,Bg4g5][%mdl 32]} e5 12. h4 Be6 {LiveBook: 7 Games} 13. Bh3 {[#]} O-O $146 ({Predecessor:} 13... Rd8 14. Qh2 Rxd1+ 15. Rxd1 O-O 16. g5 {½-½ (41) Motylev,A (2570)-Fominyh,A (2582) Ubeda 2001}) 14. g5 Nh5 15. Qg2 (15. Bxe6 $14 fxe6 16. Qg2) 15... Bxh3 $11 16. Qxh3 {Rd7 is the strong threat.} Rad8 17. Rxd8 Rxd8 18. Rd1 g6 19. Rxd8+ Qxd8 20. Nd1 {[#]} (20. Qh2 $11) 20... h6 $1 $17 {[%cal Rh6g5][%mdl 512]} 21. Qg4 (21. gxh6 Bxh4) 21... hxg5 22. hxg5 {[#]} Ng7 (22... Nf4 $1 $17 {[%mdl 512]} 23. Bxf4 exf4) 1/2-1/2

[Event "CZE-tht Extraliga 2018-19"]
[Site "Czech Republic"]
[Date "2018.12.01"]
[Round "3"]
[White "Cernousek, Lukas"]
[Black "Najer, Evgeniy"]
[Result "1/2-1/2"]
[WhiteElo "2434"]
[BlackElo "2663"]
[Annotator "TA"]
[PlyCount "49"]
[EventDate "2018.11.03"]
[EventType "team-tourn"]
[EventCountry "CZE"]
[SourceTitle "playchess.com"]
[Source "ChessBase"]
[SourceQuality "1"]
[WhiteTeam "Siesta"]
[BlackTeam "Lysa nad Labem"]

{[%evp 31,49,0,0,0,0,0,0,0,0,0,0,0,0,0,13,0,4,0,40,8]} 1. e4 c5 2. Nf3 d6 3. d4 cxd4 4. Nxd4 Nf6 5. Nc3 a6 6. Be3 e5 7. Nb3 Be6 8. f3 Be7 9. Qd2 O-O 10. O-O-O Nbd7 11. g4 {[%cal Bg2g4,Bg4g5][%mdl 32]} b5 12. g5 Nh5 13. Kb1 {B90: Sicilian Najdorf: Unusual White 6th moves, 6 Be3 Ng4 and 6 Be3 e5} (13. Nd5 Bxd5 14. exd5 f6 15. gxf6 Bxf6 16. Kb1 Nf4 17. Na5 Nb6 18. Nc6 Qc7 19. Bxf4 exf4 20. c3 Rae8 21. Rg1 {½-½ (88) So,W (2776)-Wojtaszek,R (2727) Batumi 2018}) 13... Nb6 14. Nd5 Nxd5 15. exd5 Bf5 16. Na5 f6 {[%cal Rf6g5] LiveBook: 6 Games} 17. Nc6 Qd7 18. h4 Ng3 19. Rh2 Nxf1 20. Rxf1 fxg5 21. hxg5 Bg6 $146 22. b3 Rf7 23. Kb2 Raf8 24. Rhf2 Re8 25. Qa5 1/2-1/2

[Event "CZE-tht Extraliga 2018-19"]
[Site "Czech Republic"]
[Date "2018.12.01"]
[Round "3"]
[White "Velicka, Petr"]
[Black "Polak, Tomas"]
[Result "0-1"]
[WhiteElo "2434"]
[BlackElo "2508"]
[Annotator "TA"]
[PlyCount "172"]
[EventDate "2018.11.03"]
[EventType "team-tourn"]
[EventCountry "CZE"]
[SourceTitle "playchess.com"]
[Source "ChessBase"]
[SourceQuality "1"]
[WhiteTeam "Ostrava"]
[BlackTeam "Brno"]

{[%evp 19,172,24,44,0,20,12,0,15,25,16,15,0,0,0,5,15,15,21,22,10,41,0,0,0,0,0,0,0,0,-10,-8,-18,-20,-54,-45,-73,-77,-90,-49,-69,-56,-69,-20,-25,0,-56,-46,-37,-43,-77,-69,-75,-75,-69,-58,-54,-44,-74,-65,-62,0,-74,-70,-78,-75,-89,-80,-87,-79,-75,-61,-102,-49,-52,-54,-79,0,-57,-42,-43,-26,-39,-22,-35,-40,-56,-64,-56,-8,-8,-8,-8,-8,-8,0,0,0,-8,-8,-15,-15,-20,-8,-47,-38,-51,-55,-69,-37,-37,-40,-70,-70,-70,-70,-72,-74,-73,-70,-70,-70,-70,-70,-76,-91,-72,-85,-131,-143,-181,-175,-224,-144,-386,-386,-592,-71,-72,-8,-8,0,0,0,0,0,0,0,-29969,-29970,-29970,-29970,-29968,-29969,-29966,-4614]} 1. e4 e5 2. Nf3 Nc6 3. Bb5 d6 4. d4 exd4 5. Nxd4 Bd7 6. Nc3 Nf6 7. O-O Be7 8. Bxc6 bxc6 9. h3 O-O 10. Qf3 Rb8 {LiveBook: 3 Games. C66: Ruy Lopez: Steinitz Defence} 11. Nf5 $146 ({Predecessor:} 11. b3 Re8 12. Bb2 Bf8 13. Rfe1 c5 14. Nf5 g6 15. Ne3 Bg7 16. Rab1 {½-½ (16) Short,N (2660)-Portisch,L (2600) Skelleftea 1989}) 11... Re8 (11... Bxf5 $5 12. Qxf5 Nd7 $11) 12. b3 Bxf5 {The position is equal.} 13. Qxf5 Qd7 14. Qxd7 Nxd7 15. Bb2 Bf6 16. f3 Nc5 17. Nd1 Bxb2 18. Nxb2 a5 19. a4 d5 20. exd5 cxd5 21. Rad1 c6 22. Nd3 Ne6 23. Ne5 Rbc8 24. Rfe1 f6 25. Ng4 Kf7 26. Kf2 d4 27. f4 {next f5 is good for White.} c5 ({Much weaker is} 27... Nxf4 $6 28. Rxe8 Kxe8 29. Rxd4 $14) 28. g3 Nc7 29. Nh2 Nd5 30. Nf3 Nc3 31. Rc1 Na2 32. Rcd1 ({White should play} 32. Rxe8 $11 Rxe8 33. Re1) 32... Nb4 $15 33. Rd2 Red8 34. Red1 Nd5 35. Re1 Rc7 36. Rd3 Nb4 37. Rd2 Rdd7 38. Red1 Re7 39. Re1 $1 Red7 40. Red1 Nd5 41. Re1 g6 42. Rd3 h6 43. Rd2 h5 44. Rd3 Re7 45. Rdd1 {[#]} Nb4 (45... Rxe1 $1 $17 46. Kxe1 Nc3) 46. Rd2 Red7 47. Red1 Re7 48. Re1 $1 Rxe1 49. Nxe1 {[%mdl 4096] Endgame KRN-KRN} Ke6 50. Re2+ Kd6 51. Re8 c4 52. bxc4 Rxc4 53. Rg8 Nd5 54. Rxg6 Rxa4 55. g4 hxg4 56. hxg4 Ke6 57. f5+ Kf7 58. Rh6 Ne3 59. Ke2 Nxg4 60. Rh7+ Ke8 61. Rb7 Ne3 62. Rb6 Ke7 63. Nd3 Nxf5 {...Ne3 is the strong threat.} 64. Nf4 Ne3 65. c3 Ng4 66. Nd5+ Kf7 67. Ra6 dxc3 68. Nxc3 Ra1 69. Kd2 f5 70. Nd5 Ra3 71. Kc2 Ne3+ 72. Kb2 Nc4+ ({Much worse is} 72... Nxd5 73. Kxa3 f4 74. Rxa5 $11) 73. Kc1 Rf3 74. Rc6 {[#]} Ne3 $1 {[%cal Re3d5]} 75. Nb6 Rf2 {And now ...f4 would win.} 76. Rc5 $2 (76. Nd7 $17 {was the only defense.}) 76... f4 $19 77. Rxa5 (77. Na4 $142 f3 78. Nb2) 77... Rc2+ $2 (77... f3 $19 {( -> ...Rc2+)} 78. Ra4 Kg6) 78. Kb1 $17 f3 (78... Re2 $17 79. Nd7 Ke7) 79. Nd5 $11 Re2 (79... Nxd5 {looks sharper.} 80. Kxc2 Ne3+ 81. Kd3 f2 82. Ra1 f1=Q+) 80. Nxe3 $1 Rxe3 {KR-KR} 81. Kc2 Kf6 {White must now prevent ...f2.} (81... Kg6 $5 82. Kd2 $8 Re2+ 83. Kd1 Re4 $11) 82. Kd2 Re2+ 83. Kd3 $2 {[%mdl 8192]} (83. Kd1 $11) 83... Re1 {Black mates.} 84. Ra8 Kg5 85. Rf8 Kg4 86. Kd2 Re7 {Accuracy: White = 49%, Black = 51%.} 0-1

[Event "CZE-tht Extraliga 2018-19"]
[Site "Czech Republic"]
[Date "2018.12.01"]
[Round "3"]
[White "Kislinsky, Alexey"]
[Black "Jurcik, Marian"]
[Result "0-1"]
[WhiteElo "2430"]
[BlackElo "2451"]
[Annotator "RC"]
[PlyCount "86"]
[EventDate "2018.11.03"]
[EventType "team-tourn"]
[EventCountry "CZE"]
[SourceTitle "playchess.com"]
[Source "ChessBase"]
[SourceQuality "1"]
[WhiteTeam "Lysa nad Labem"]
[BlackTeam "Siesta"]
[TimeControl "40/5400+30:1800+30"]

1. e4 {[%emt 0:03:55]} d6 {[%emt 0:00:21]} 2. d4 {[%emt 0:00:18]} Nf6 {[%emt 0:00:22]} 3. Nc3 {[%emt 0:00:08]} e5 {[%emt 0:00:18]} 4. Nf3 {[%emt 0:00:25]} Nbd7 {[%emt 0:00:18]} 5. Bc4 {[%emt 0:00:17]} Be7 {[%emt 0:00:07]} 6. O-O {[%emt 0:00:27]} O-O {[%emt 0:00:17]} 7. a4 {[%emt 0:00:16]} c6 {[%emt 0:01:53]} 8. Ba2 {[%emt 0:01:30]} a5 {[%emt 0:01:22]} 9. h3 {[%emt 0:01:53]} exd4 {[%emt 0:01:32]} 10. Nxd4 {[%emt 0:01:29]} Nc5 {[%emt 0:00:32]} 11. Qf3 {[%emt 0:01:10]} Qb6 {[%emt 0:00:16]} 12. Rd1 {[%emt 0:08:06]} Be6 {[%emt 0:02:15]} 13. Be3 {[%emt 0:01:26]} Qxb2 {[%emt 0:19:43]} 14. Nxc6 {[%emt 0:30:32]} bxc6 {[%emt 0:07:50]} 15. Bxc5 {[%emt 0:00:56]} dxc5 {[%emt 0:03:29]} 16. Rdb1 {[%emt 0:01:39]} Qxc2 {[%emt 0:04:59]} 17. Bxe6 {[%emt 0:00:07]} Rab8 {[%emt 0:09:33]} 18. Ba2 {[%emt 0:19:08]} Rxb1+ {[%emt 0:03:35]} 19. Rxb1 {[%emt 0:00:08]} Bd6 {[%emt 0:03:03]} 20. Bb3 {[%emt 0:05:45]} Qd2 {[%emt 0:00:10]} 21. Rd1 {[%emt 0:02:43]} Qf4 {[%emt 0:00:15]} 22. Qd3 {[%emt 0:02:59]} Qh2+ {[%emt 0:07:18]} 23. Kf1 {[%emt 0:00:06]} Be5 {[%emt 0:00:54]} 24. Ne2 {[%emt 0:02:08]} Qh1+ {[%emt 0:06:14]} 25. Ng1 {[%emt 0:00:06]} Bh2 {[%emt 0:00:20]} 26. Qf3 {[%emt 0:05:20]} Bxg1 {[%emt 0:05:01]} 27. e5 {[%emt 0:05:53]} Nd5 {[%emt 0:08:05]} 28. Bxd5 {[%emt 0:00:17]} cxd5 {[%emt 0:00:02]} 29. Qxd5 {[%emt 0:00:13]} h6 {[%emt 0:01:36]} 30. g3 {[%emt 0:01:26]} Qh2 {[%emt 0:04:15]} 31. Qg2 {[%emt 0:00:08]} Rb8 {[%emt 0:07:06]} 32. Qxg1 {[%emt 0:00:47]} Qxh3+ {[%emt 0:00:13]} 33. Qg2 {[%emt 0:00:05]} Qg4 {[%emt 0:01:08]} 34. Qd5 {[%emt 0:00:08]} Qxa4 {[%emt 0:00:31]} 35. Rd3 {[%emt 0:01:21]} Qb5 {[%emt 0:01:07]} 36. Qd6 {[%emt 0:01:07]} c4 {[%emt 0:00:38]} 37. Rf3 {[%emt 0:00:07]} c3+ {[%emt 0:01:15]} 38. Kg2 {[%emt 0:00:05]} Qb7 {[%emt 0:00:30]} 39. Kh2 {[%emt 0:02:06]} Qxf3 {[%emt 0:00:27]} 40. Qxb8+ {[%emt 0:00:06]} Kh7 {[%emt 0:00:04]} 41. Qb1+ {[%emt 0:30:14]} g6 {[%emt 0:30:15]} 42. e6 {[%emt 0:00:16]} Qxf2+ {[%emt 0:00:54]} 43. Kh3 {[%emt 0:00:12]} c2 {[%emt 0:00:07]} 0-1

[Event "CZE-tht Extraliga 2018-19"]
[Site "Czech Republic"]
[Date "2018.12.01"]
[Round "3"]
[White "Kanovsky, David"]
[Black "Ponizil, Cyril"]
[Result "1/2-1/2"]
[WhiteElo "2425"]
[BlackElo "2491"]
[Annotator "TA"]
[PlyCount "50"]
[EventDate "2018.11.03"]
[EventType "team-tourn"]
[EventCountry "CZE"]
[SourceTitle "playchess.com"]
[Source "ChessBase"]
[SourceQuality "1"]
[WhiteTeam "Poruba"]
[BlackTeam "Duras"]

{[%evp 19,50,0,0,-20,-19,-28,-22,-14,-19,-22,-3,-28,-25,-21,-17,-19,-8,-6,0,-37,-38,-25,-30,-38,-16,-16,-10,-14,-12,-12,15,0,6]} 1. c4 Nf6 2. g3 e6 3. Nf3 d5 4. b3 c5 5. Bg2 Nc6 6. O-O Be7 7. cxd5 Nxd5 8. Bb2 Bf6 9. Qc1 O-O 10. Nc3 b6 {LiveBook: 35 Games} 11. d3 {A14: English Opening: 1...e6 with b3 by White} (11. Nxd5 exd5 12. d4 Ba6 13. Re1 Re8 14. dxc5 Bxb2 15. Qxb2 bxc5 16. Rac1 Qa5 17. Ng5 Nb4 18. Qd2 Rad8 19. a3 Qxa3 20. Rxc5 Re7 21. Bxd5 {1-0 (29) Gershon,A (2444)-Greenfeld,A (2521) Israel 2018}) 11... Bb7 12. Ne4 Bxb2 13. Qxb2 Qe7 14. Rfd1 Rac8 15. Rac1 Rfd8 16. a3 h6 17. Ne5 $146 ({Predecessor:} 17. e3 Rc7 18. d4 cxd4 19. exd4 Nf6 20. Nxf6+ Qxf6 21. Ne5 Nxd4 22. Rxc7 Qxe5 23. Bxb7 Nf3+ 24. Kg2 {1-0 (24) Scherer,M (2232)-Raupp,T (2354) Germany 2012}) 17... a5 (17... Ba8 {is more complex.} 18. Nxc6 Bxc6 19. Nd2 f6 20. Nc4 e5) 18. Nxc6 Bxc6 19. Nc3 Nxc3 20. Rxc3 Bxg2 21. Kxg2 Qb7+ 22. f3 {The position is equal.} Rd4 23. Rc4 Rcd8 24. Rdc1 Rxc4 25. Rxc4 Qd5 {Accuracy: White = 53%, Black = 50%.} 1/2-1/2

[Event "CZE-tht Extraliga 2018-19"]
[Site "Czech Republic"]
[Date "2018.12.01"]
[Round "3"]
[White "Rydl, Jiri"]
[Black "Meduna, Eduard"]
[Result "1/2-1/2"]
[WhiteElo "2420"]
[BlackElo "2403"]
[Annotator "TA"]
[PlyCount "74"]
[EventDate "2018.11.03"]
[EventType "team-tourn"]
[EventCountry "CZE"]
[SourceTitle "playchess.com"]
[Source "ChessBase"]
[SourceQuality "1"]
[WhiteTeam "Siesta"]
[BlackTeam "Lysa nad Labem"]

{[%evp 15,74,8,14,11,30,31,31,25,35,39,33,31,26,36,23,15,24,20,18,15,16,16,35,8,65,30,37,37,43,40,40,26,26,8,19,12,64,13,13,0,0,0,0,0,0,0,0,0,0,0,8,0,11,0,0,-16,11,11,12,0,0]} 1. c4 c6 2. Nf3 d5 3. g3 Nf6 4. Bg2 Bg4 5. Ne5 Bh5 6. cxd5 cxd5 7. Nc3 {A11: English Opening: 1...c6} e6 8. Qa4+ Nfd7 {LiveBook: 7 Games} 9. d4 $146 {Black should prevent g4.} ({Predecessor:} 9. g4 Bg6 10. h4 Bc2 11. Nxf7 Kxf7 12. Qxc2 Nc6 13. Qd1 Be7 14. h5 Nde5 {½-½ (35) Andersen,M (2597)-Arvola,B (2471) Helsingor 2018}) 9... f6 10. Nxd7 Qxd7 11. Qxd7+ Kxd7 12. e4 dxe4 13. Bxe4 Nc6 14. Be3 Bb4 15. O-O Bg6 16. Bxg6 hxg6 17. d5 exd5 18. Nxd5 Bd6 19. Rad1 Rad8 (19... Ke6 $11) 20. b4 b6 21. Bf4 {And now Bxd6 would win.} Ne5 22. Bxe5 fxe5 23. Rfe1 Ke6 24. a3 Bb8 25. Nc3 Kf5 (25... g5 $11) 26. Kg2 (26. f3 $14) 26... Rxd1 $11 {The position is equal.} 27. Rxd1 {[%mdl 4096] Endgame KRB-KRN} Rc8 28. Nd5 {[#] aiming for Ne7+.} Ke6 29. Kf3 Rc2 30. Ne3 Ra2 31. Rd8 Bd6 32. Nc4 Be7 $1 {[%cal Re7d8]} 33. Rd3 a5 34. bxa5 bxa5 35. Nxa5 Bxa3 {Black wants to play ...Bc5.} 36. Nc4 Bc5 37. Rd2 Ra4 {Accuracy: White = 62%, Black = 57%.} 1/2-1/2

[Event "CZE-tht Extraliga 2018-19"]
[Site "Czech Republic"]
[Date "2018.12.01"]
[Round "3"]
[White "Blahynka, Martin"]
[Black "Londyn, Radek"]
[Result "1-0"]
[WhiteElo "2418"]
[BlackElo "2399"]
[Annotator "TA"]
[PlyCount "107"]
[EventDate "2018.11.03"]
[EventType "team-tourn"]
[EventCountry "CZE"]
[SourceTitle "playchess.com"]
[Source "ChessBase"]
[SourceQuality "1"]
[WhiteTeam "Duras"]
[BlackTeam "Poruba"]

{[%evp 11,107,-17,28,-21,-10,-31,-16,-35,34,14,42,40,45,52,30,0,37,0,88,91,150,135,176,134,124,138,129,131,133,128,183,189,295,293,265,269,289,269,280,276,305,286,285,284,270,162,260,251,215,155,158,139,188,110,211,206,237,283,253,207,317,288,273,222,195,155,160,130,172,149,162,158,227,211,326,344,276,60,191,225,229,204,408,388,383,0,327,-45,224,0,0,0,0,0,110,113,29977,29973]} 1. e4 e5 2. Nf3 Nc6 3. d4 exd4 4. Nxd4 Qf6 5. Nb3 Qg6 6. f3 {C45: Scotch Game} (6. Qe2 Nf6 7. f3 a5 8. Be3 d5 9. Nc3 dxe4 10. O-O-O Be7 11. Nb5 O-O 12. Nxc7 Rb8 13. Qb5 {½-½ (32) Nakamura,H (2781)-Howell,D (2682) Caleta 2018}) 6... Bd6 {LiveBook: 12 Games} 7. Be3 Bxh2 8. Qd2 {The position is equal.} Bg3+ 9. Bf2 Nf6 (9... b6 $15) 10. Nc3 $14 {[%mdl 1024] White has compensation.} O-O $146 ({Predecessor:} 10... Bxf2+ 11. Qxf2 a6 12. O-O-O d6 13. Bd3 {1-0 (68) Gresova,Z (1810)-Waardenburg,M (1580) Prague 2016}) 11. O-O-O d6 12. Be3 Re8 13. Bd3 Nb4 14. Bc4 c6 (14... d5 $11 15. Bxd5 (15. Nxd5 Nfxd5 16. Bxd5 Nxd5 $11) 15... Nfxd5 16. Nxd5 Nxd5 17. Qxd5 c6) 15. Ne2 $36 {[%mdl 2048] White has strong initiative.} a5 (15... d5 $142) 16. Nxg3 $16 d5 17. Nxa5 {[%cal Re4d5]} (17. exd5 cxd5 18. Bd3 Nxd3+ 19. Qxd3 Qxg3 $11) 17... dxc4 18. Qxb4 Qxg3 19. Nxc4 Be6 20. Nd6 {[%mdl 64] Double Attack} Rf8 (20... Reb8 $16) 21. a3 $18 (21. Qxb7 $2 Rxa2 22. c4 Qxg2 $19) 21... b5 (21... Rfd8 $142 22. Rd2 (22. Qxb7 Qxg2 23. Rhf1 Qe2 $16) (22. Nxb7 Rxd1+ 23. Rxd1 Qxg2 $16) 22... Rdb8) 22. Qd2 b4 23. Qxb4 Ng4 24. Qc3 Nxe3 25. Qxe3 Rfb8 26. Rh5 h6 27. Rc5 Ra6 28. Qc3 Rab6 (28... Qxg2 {might work better.} 29. Nf5 Bxf5) 29. b4 $1 Qxg2 30. f4 {And now f5 would win.} Bg4 31. Re1 Ra6 32. Nc4 ({White should try} 32. Kb2 $18) 32... Rd8 (32... Rb5 $16 {was necessary.}) 33. Kb2 Qf2 34. Ne5 Qxf4 35. Rxc6 (35. Nxc6 $6 Rda8 $16) 35... Ra7 (35... Rxc6 $142 36. Nxc6 Rd2 37. Ne7+ Kh7) 36. Nxg4 Qxg4 37. Qe3 Qd7 38. Rc5 {Black must now prevent Rd5.} Rda8 39. Rc3 Qe6 40. Qc5 Ra6 41. Qf5 g5 (41... Qe8 $16 42. e5 Re6) 42. b5 $1 {[%cal Rb5a6]} Rb6 (42... Qxf5 {was worth a try.} 43. exf5 Ra5) 43. Qxe6 Rxe6 {[%mdl 4096] Endgame KRR-KRR} 44. Ree3 $2 (44. Ra1 $18) 44... h5 (44... g4 $14) 45. Rc5 $1 {[%cal Rc5g5]} f6 46. Rb3 $1 Kf7 $2 (46... g4 47. b6 (47. Rxh5 Rxe4 48. b6 Rb8 $16) 47... Rb8) 47. b6 Rb8 48. b7 $2 (48. Rc7+ $18 Re7 49. Rxe7+ Kxe7 50. a4) 48... h4 $2 {[%mdl 8192]} (48... Re7 $11 {and Black stays safe.}) 49. a4 $2 (49. Rc8 $18 Re8 50. Rxe8 Kxe8 51. a4) 49... h3 $2 {[%mdl 8192]} (49... Re7 $15 {stays ahead.} 50. Rcb5 g4) 50. Rxh3 $2 (50. Rc8 $18 Re8 51. Rxe8 Kxe8 52. a5 (52. Rxh3 Rxb7+ 53. Kc3 Rc7+ 54. Kd3 Rd7+ 55. Ke3 Rd1 $16)) 50... Rxb7+ $11 51. Rb5 Rbe7 $1 52. a5 {[%cal Ba4a5,Ba5a6][%mdl 32]} Rxe4 {[#]} (52... g4 $11 {keeps the balance.} 53. Rh7+ Kg6 54. Rxe7 Rxe7) 53. a6 $1 $16 {[%cal Ra6a7] Threatens to win with a7!} Rh4 $2 {[%mdl 8192] [#]} (53... Rd7 $16) 54. Rxh4 $1 {Accuracy: White = 59%, Black = 25%.} 1-0

[Event "CZE-tht Extraliga 2018-19"]
[Site "Czech Republic"]
[Date "2018.12.01"]
[Round "3"]
[White "Bures, Jaroslav"]
[Black "Roubalik, Jakub"]
[Result "1/2-1/2"]
[WhiteElo "2388"]
[BlackElo "2410"]
[Annotator "TA"]
[PlyCount "72"]
[EventDate "2018.11.03"]
[EventType "team-tourn"]
[EventCountry "CZE"]
[SourceTitle "playchess.com"]
[Source "ChessBase"]
[SourceQuality "1"]
[WhiteTeam "Poruba"]
[BlackTeam "Duras"]

{[%evp 13,72,34,35,33,59,57,57,52,48,53,58,57,104,103,97,81,135,135,145,114,111,113,113,105,110,79,91,90,85,77,76,81,94,58,70,0,0,0,0,0,0,0,0,0,0,-25,-23,-40,-23,-37,0,0,0,0,0,0,0,0,0,0,0]} 1. e4 c5 2. Nf3 e6 3. d4 cxd4 4. Nxd4 a6 5. Nc3 Qc7 6. Qf3 {B43: Sicilian: Kan Variation: 5 Nc3} (6. g3 Nf6 7. Bg2 Bb4 8. O-O Bxc3 9. bxc3 d6 10. Ba3 O-O 11. e5 dxe5 12. Bxf8 Kxf8 13. Nb3 Bd7 14. Na5 Ra7 15. Nxb7 Ke7 16. Rb1 Bb5 17. Re1 Nbd7 18. Qc1 Nd5 19. Qa3+ Kf6 20. Bxd5 exd5 21. Rxb5 {1-0 (21) Aronian,L (2764)-Caruana,F (2816) Leuven 2018}) 6... Nc6 7. Nxc6 dxc6 {LiveBook: 15 Games} 8. Bg5 {White is slightly better.} Be7 9. Bxe7 Nxe7 10. Qg3 $1 {[%cal Rg3c7]} Qxg3 11. hxg3 e5 12. Na4 Ng6 13. Nb6 Rb8 14. Bc4 $146 Be6 ({Black should play} 14... Ke7) 15. Bxe6 $16 fxe6 16. Rh5 Rd8 17. f3 Ke7 18. c3 h6 19. Nc4 Kf6 20. Ne3 Rd7 21. Rc1 Rhd8 22. Rc2 Rd3 23. Ng4+ (23. Ke2 {with more complications.} R3d6 24. a4 Nh8 25. Rxe5 g6 26. Ng4+) 23... Kf7 24. Nxe5+ (24. Nf2 $1 $14) 24... Nxe5 $11 25. Rxe5 $14 {[%mdl 4096] Endgame KRR-KRR} Rd1+ 26. Ke2 Rg1 27. Ke3 Rdd1 28. Rh5 Rge1+ 29. Kf4 g5+ 30. Kg4 Kg6 {[%mdl 1024] Black has compensation.} 31. Rh2 e5 (31... Rh1 {looks sharper.} 32. Rxh1 Rxh1 33. f4 Rf1 34. f5+ exf5+ 35. exf5+ Rxf5 36. Kh3 Rf1) 32. Kh3 {The position is equal.} Rd3 33. Kg4 Rdd1 34. Kh3 Rd3 35. Kg4 Rdd1 36. Kh3 Rd3 {Accuracy: White = 75%, Black = 71%.} 1/2-1/2